Statistics for Name a Valid Pokémon

Click here to take the quiz!

General Stats

  • This quiz has been taken 560 times
    (54 since last reset)
  • The average score is 11 of 16

Answer Stats

HintAnswer% Correct
Grass-type Starter PokémonBulbasaur, Chikorita, Treecko, Turtwig, Snivy, Chespin, ...
98%
Pokémon that change a type during Mega EvolutionCharizard, Pinsir, Gyarados, Mewtwo, Ampharos, ...
89%
Legendary or Mythical Dark-type PokémonMoltres (Galarian), Darkrai, Yveltal, Hoopa (Unbound), ...
87%
Pokémon that Evolve with a Water StonePoliwhirl, Shellder, Staryu, Eevee, Lombre, Panpour
85%
Water/Poison-type PokémonTentacool, Tentacruel, Qwilfish, Skrelp, Mareanie, ...
80%
Fairy-type move with 90+ powerFleur Cannon, Let's Snuggle Forever, Light of Ruin, ...
72%
Pure Ground-type Pokémon in Gen. 4-8Hippopotas, Hippowdon, Drilbur, Mudbray, Mudsdale, ...
72%
Pokémon that weigh 900+ kg (1984+ lbs.)Celesteela, Cosmoem, Groudon, Mega Metagross, ...
70%
Pure Fire-type Pokémon with no evolutionary lineEntei, Torkoal, Castform (Sunny Form), Heatmor
61%
Pokémon with height of 0.1 m (0' 04")Joltik, Flabébé, Cutiefly, Comfey, Cosmoem, Sinistea, ...
61%
Bug-type move that isn't Physical or SpecialDefend Order, Heal Order, Powder, Quiver Dance, ...
59%
Dual Ice-type Pokémon in Gen. 8-9Snom, Frosmoth, Calyrex (Ice Rider), Iron Bundle, ...
59%
Non-legendary Genderless Pokémon in Gen. 5-7Klink, Klang, Klinklang, Cryogonal, Golett, Golurk, ...
52%
Pokémon that Evolve with certain moves in Gen. 2-8Aipom, Yanma, Piloswine, Bonsly, Mime Jr., Steenee, ...
48%
Pokémon with the Corrosion abilitySalandit, Salazzle, Glimmet, Glimmora
35%
Fighting-type Pokémon with a unique type comboTerrakion, Crabominable, Great Tusk
35%

Score Distribution

Percentile by Number Answered

Percent of People with Each Score

Your Score History

You have not taken this quiz since the last reset